Simulation modeling handbook : (Record no. 174715)
[ view plain ]
| 000 -LEADER | |
|---|---|
| fixed length control field | 01235 a2200229 4500 |
| 003 - CONTROL NUMBER IDENTIFIER | |
| control field | Nust |
| 005 - DATE AND TIME OF LATEST TRANSACTION | |
| control field | 20220720112132.0 |
| 010 ## - LIBRARY OF CONGRESS CONTROL NUMBER | |
| LC control number | 2003046280 |
| 020 ## - INTERNATIONAL STANDARD BOOK NUMBER | |
| International Standard Book Number | 0849312418 (alk. paper) |
| 040 ## - CATALOGING SOURCE | |
| Transcribing agency | Nust |
| 082 00 - DEWEY DECIMAL CLASSIFICATION NUMBER | |
| Classification number | 003.3,CHU |
| 100 1# - MAIN ENTRY--PERSONAL NAME | |
| Personal name | Chung, Christopher A. |
| 9 (RLIN) | 68564 |
| 245 10 - TITLE STATEMENT | |
| Title | Simulation modeling handbook : |
| Remainder of title | a practical approach / |
| Statement of responsibility, etc. | Christopher A. Chung. |
| 260 ## - PUBLICATION, DISTRIBUTION, ETC. | |
| Place of publication, distribution, etc. | Boca Raton : |
| Name of publisher, distributor, etc. | CRC Press, |
| Date of publication, distribution, etc. | c2004. |
| 300 ## - PHYSICAL DESCRIPTION | |
| Extent | 1 v. (various pagings) : |
| Other physical details | ill. ; |
| Dimensions | 26 cm. |
| 440 #0 - SERIES STATEMENT/ADDED ENTRY--TITLE | |
| Title | Industrial and manufacturing engineering series |
| 9 (RLIN) | 94020 |
| 505 ## - FORMATTED CONTENTS NOTE | |
| Formatted contents note | Introduction (Page 1-1), Problem Formulation (Page 2-1), Project Planning (Page 3-1), System Definition Page (4-1), Input Data Collection and Analysis (Page 5-1), Model Translation (Page 6-1), Verification (Page 7-1), Validation (Page 8-1), Experimental Design (Page 9-1), Analysis (Page 10-1), Project Reports and Presentations (Page-11-1), Training Simulators (Page 12-1), Simpak User’s Manual (Page 13-1), |
| 650 #0 - SUBJECT ADDED ENTRY--TOPICAL TERM | |
| Topical term or geographic name entry element | Digital computer simulation. |
| 9 (RLIN) | 62078 |
| 856 42 - ELECTRONIC LOCATION AND ACCESS | |
| Materials specified | Book review (E-STREAMS) |
| Uniform Resource Identifier | <a href="http://www.e-streams.com/es0710/es0710_3601.html">http://www.e-streams.com/es0710/es0710_3601.html</a> |
| 856 42 - ELECTRONIC LOCATION AND ACCESS | |
| Materials specified | Publisher description |
| Uniform Resource Identifier | <a href="http://www.loc.gov/catdir/enhancements/fy0646/2003046280-d.html">http://www.loc.gov/catdir/enhancements/fy0646/2003046280-d.html</a> |
| 942 ## - ADDED ENTRY ELEMENTS (KOHA) | |
| Koha item type | Reference |
| Source of classification or shelving scheme | |
| Withdrawn status | Lost status | Source of classification or shelving scheme | Damaged status | Not for loan | Permanent Location | Current Location | Shelving location | Date acquired | Full call number | Barcode | Date last seen | Price effective from | Koha item type | Public note |
|---|---|---|---|---|---|---|---|---|---|---|---|---|---|---|
| Military College of Signals (MCS) | Military College of Signals (MCS) | Reference | 12/12/2016 | 003.3,CHU | MCS30586 | 12/08/2016 | 12/12/2016 | Reference | Almirah No.17, Shelf No.1 |
